000 00825nam a22002057a 4500
999 _c8185
_d8185
003 AR-CdUCM
008 190322b ||||| |||| 00| 0 spa d
040 _aMUNICIPALIDAD PROVINCIAL DEL CUSCO
_cBIBLIOTECA MUNICIPAL DEL CUSCO
082 _a574.5 /
_bR47
100 _aReynafarje Hurtado, Cesar
_923075
245 _aLa adaptación a las grandes alturas :
_bContribución peruana a su estudio /
260 _aLima :
_bGalicia,
_c1990.
300 _a391 páginas :
_c21 cm.
505 _aContenido : Capítulo I : Introducción -- Capítulo II : Función respiratoria -- Capítulo III : La policitemia de las grandes alturas -- Capitulo IV : Función cardiaca en la altura ...
650 _aAltura
_923076
650 _aRespiración
_920006
650 _aFunción cardiaca
_923077
942 _2ddc
_cLIBROS
945 _arah